Global account management creating value
Salvato in:
| Autore principale: | |
|---|---|
| Altri autori: | |
| Natura: | Libro |
| Lingua: | inglese |
| Pubblicazione: |
Chichester
Wiley
2003
|
| Soggetti: | |
| Tags: |
Nessun Tag, puoi essere il primo ad aggiungerne!!
|
MARC
| LEADER | 00000nam$a2200000$$$4500 | ||
|---|---|---|---|
| 001 | 0002784 | ||
| 005 | 20240226090302.1 | ||
| 020 | |a 0-470-84892-8 | ||
| 041 | 0 | |a eng | |
| 044 | |a GB | ||
| 245 | 1 | 0 | |a Global account management |b creating value |c H. David Hennessey and Jean-Pierre Jeannet |
| 264 | 1 | |a Chichester |b Wiley |c 2003 | |
| 300 | |a 260 s. | ||
| 610 | 2 | 0 | |a globalizácia |
| 610 | 2 | 0 | |a manažment |
| 610 | 2 | 0 | |a systémy informačné |
| 610 | 2 | 0 | |a analýzy |
| 610 | 2 | 0 | |a zákazníci |
| 610 | 2 | 0 | |a manažéri |
| 610 | 2 | 0 | |a priemysel |
| 610 | 2 | 0 | |a plánovanie |
| 610 | 2 | 0 | |a tímy pracovné |
| 610 | 2 | 0 | |a technológie informačné |
| 610 | 2 | 0 | |a služby pre podniky |
| 610 | 2 | 0 | |a marketing |
| 610 | 2 | 0 | |a štúdie prípadové |
| 610 | 2 | 0 | |a podnikanie medzinárodné |
| 610 | 2 | 0 | |a vývoz |
| 610 | 2 | 0 | |a predaj |
| 610 | 2 | 0 | |a účtovníctvo |
| 100 | 1 | |a Hennessey, H. David | |
| 700 | 1 | |a Jeannet, Jean-Pierre | |